El Juicio de Amparo /

Gardado en:
Detalles Bibliográficos
Autor Principal: González Cosío, Arturo (autor)
Formato: Libro
Idioma:Lingua castelá
Edición:2a edición
Temas:
Etiquetas: Engadir etiqueta
Sen Etiquetas, Sexa o primeiro en etiquetar este rexistro!

MARC

LEADER 00000nam^a2200000^a^4500
001 000075056
005 20250521000000.0
009 20260310091726.157
020 |a 968-452-095-6 
037 |a Acervo ITESO - Biblioteca 
041 |a ESP 
082 |a 345. 056  |b GON 
100 |a González Cosío, Arturo  |e (autor) 
245 1 3 |a El Juicio de Amparo /  |c A. González Cosío ; pról. de León Cortiñas Peláez. 
250 |a 2a edición 
264 |a México :  |b Porrúa,  |c 1985 
300 |a 293 p. 
336 |a texto  |b txt  |2 rdacontenido 
337 |a sin mediación  |b n  |2 rdamedio 
338 |a volumen  |b nc  |2 rdasoporte 
649 |a XX 
650 |a Amparo 
650 |a Derecho Procesal 
650 |a Amparo 
910 |a Fondo Armando Suárez Gómez 
920 |a Impresos - Libros 
930 |a Fondos Especiales 
905 |a 111 
901 |a 0700006138  |b IT2  |c ESP  |u 20250521 
902 |a https://opac.biblio.iteso.mx/vufind/Record/000075056